<?xml version="1.0" encoding="UTF-8"?>
<record
    xmlns:xsi="http://www.w3.org/2001/XMLSchema-instance"
    xsi:schemaLocation="http://www.loc.gov/MARC21/slim http://www.loc.gov/standards/marcxml/schema/MARC21slim.xsd"
    xmlns="http://www.loc.gov/MARC21/slim">

  <leader>02650nam a2200313 i 4500</leader>
  <controlfield tag="003">DO-SdBNP</controlfield>
  <controlfield tag="005">20240703150231.0</controlfield>
  <controlfield tag="007">ta</controlfield>
  <controlfield tag="008">240703s2012    mx            000 0 spa d</controlfield>
  <datafield tag="020" ind1=" " ind2=" ">
    <subfield code="a">9786071610102</subfield>
  </datafield>
  <datafield tag="040" ind1=" " ind2=" ">
    <subfield code="a">DO-SdBNP</subfield>
    <subfield code="b">spa</subfield>
    <subfield code="c">BNPHU</subfield>
    <subfield code="e">rda</subfield>
  </datafield>
  <datafield tag="082" ind1=" " ind2=" ">
    <subfield code="b">B517</subfield>
    <subfield code="2">22</subfield>
  </datafield>
  <datafield tag="100" ind1="1" ind2=" ">
    <subfield code="a">Bernal, Rafael</subfield>
    <subfield code="e">autor</subfield>
    <subfield code="9">85941</subfield>
  </datafield>
  <datafield tag="245" ind1="1" ind2="3">
    <subfield code="a">El gran oce&#xE1;no /</subfield>
    <subfield code="c">Rafael Bernal ; pr&#xF3;logo Alfonso de Mar&#xED;a y Campos Castell&#xF3; ; presentaci&#xF3;n Miguel Mancera </subfield>
  </datafield>
  <datafield tag="264" ind1=" " ind2="1">
    <subfield code="a">M&#xE9;xico :</subfield>
    <subfield code="b">FCE,</subfield>
    <subfield code="c">2012.</subfield>
  </datafield>
  <datafield tag="300" ind1=" " ind2=" ">
    <subfield code="a">519 p&#xE1;ginas,  </subfield>
    <subfield code="c">23 cm.</subfield>
  </datafield>
  <datafield tag="336" ind1=" " ind2=" ">
    <subfield code="2">rdacontent</subfield>
    <subfield code="a">texto</subfield>
    <subfield code="b">txt</subfield>
  </datafield>
  <datafield tag="337" ind1=" " ind2=" ">
    <subfield code="2">rdamedia</subfield>
    <subfield code="a">sin mediaci&#xF3;n </subfield>
    <subfield code="b">n</subfield>
  </datafield>
  <datafield tag="338" ind1=" " ind2=" ">
    <subfield code="2">rdacarrier</subfield>
    <subfield code="a">volumen</subfield>
    <subfield code="b">nc</subfield>
  </datafield>
  <datafield tag="490" ind1="1" ind2=" ">
    <subfield code="a">Secci&#xF3;n de obras de historia</subfield>
  </datafield>
  <datafield tag="504" ind1=" " ind2=" ">
    <subfield code="a">Bibliograf&#xED;a p: 503-519</subfield>
  </datafield>
  <datafield tag="520" ind1=" " ind2=" ">
    <subfield code="a">Esta obra estudia minuciosamente la importancia del mar como agente vital del proceso de transculturaci&#xF3;n en un fascinante relato que da cuenta del largo peregrinaje, navegaci&#xF3;n, descubrimiento, exploraci&#xF3;n y conquista que tuvieron lugar a lo largo de los &#xFA;ltimos quinientos a&#xF1;os en el Oc&#xE9;ano Pac&#xED;fico, cuya superficie, sin contar los mares a los cuales da vida, es mayor que la de todas las tierras juntas. Desde la antig&#xFC;edad, el oc&#xE9;ano ha logrado conectar territorios distantes y fungir como escenario de las prolongadas traves&#xED;as emprendidas por los distintos pueblos de Europa y Asia que, con el paso de los siglos, llevar&#xED;an al descubrimiento del continente americano. Por esta raz&#xF3;n, a trav&#xE9;s de su historia es posible explicar los cambios de las relaciones y los andamiajes culturales e incluso pol&#xED;ticos que regulan la vida del hombre. Este libro es un estudio historiogr&#xE1;fico acerca del proceso de transculturalci&#xF3;n que tuvo lugar en el Oc&#xE9;ano Pac&#xED;fico, como resultado de las empresas y traves&#xED;as que llevaron a cabo hombres pertenecientes a las naciones expansionistas de Europa y Asia. Adem&#xE1;s de examinar los motivos econ&#xF3;micos, sociales y espirituales de los seres humanos que llevaron a cabo esas empresas, esta historia explora el pensamiento de los grupos expansionistas a los que pertenecieron y c&#xF3;mo se determinaron los modos de contacto con los pueblos receptores de la expansi&#xF3;n, de suerte que, al contar la historia del mar, Rafael Bernal trasciende la sumaria relaci&#xF3;n de mercanc&#xED;as, rutas e ideas que intercambiaron los pueblos y culmina relatando la historia misma del ser humano.</subfield>
  </datafield>
  <datafield tag="590" ind1=" " ind2=" ">
    <subfield code="a">Inventariado, 2024/ YL</subfield>
  </datafield>
  <datafield tag="700" ind1="1" ind2=" ">
    <subfield code="a">Campos Castell&#xF3;, Alfonso de Mar&#xED;a y </subfield>
    <subfield code="e"> pr&#xF3;logo</subfield>
    <subfield code="9">85944</subfield>
  </datafield>
  <datafield tag="700" ind1="1" ind2=" ">
    <subfield code="a">Mancera, Miguel </subfield>
    <subfield code="e">presentaci&#xF3;n </subfield>
    <subfield code="9">85945</subfield>
  </datafield>
  <datafield tag="710" ind1=" " ind2=" ">
    <subfield code="a">Fondo de Cultura Econ&#xF3;mica</subfield>
    <subfield code="9">9178</subfield>
  </datafield>
  <datafield tag="910" ind1=" " ind2=" ">
    <subfield code="a">YLockward</subfield>
  </datafield>
  <datafield tag="942" ind1=" " ind2=" ">
    <subfield code="2">ddc</subfield>
    <subfield code="c">LBS1</subfield>
  </datafield>
  <datafield tag="952" ind1=" " ind2=" ">
    <subfield code="0">0</subfield>
    <subfield code="1">0</subfield>
    <subfield code="2">ddc</subfield>
    <subfield code="5">6</subfield>
    <subfield code="7">0</subfield>
    <subfield code="8">GR</subfield>
    <subfield code="a">BNPHU</subfield>
    <subfield code="b">BNPHU</subfield>
    <subfield code="c">CT</subfield>
    <subfield code="d">2023-08-04</subfield>
    <subfield code="e">Donaci&#xF3;n </subfield>
    <subfield code="l">0</subfield>
    <subfield code="o">B517</subfield>
    <subfield code="p">2024-4068</subfield>
    <subfield code="r">2024-07-03</subfield>
    <subfield code="w">2024-07-03</subfield>
    <subfield code="y">LBS1</subfield>
  </datafield>
  <datafield tag="952" ind1=" " ind2=" ">
    <subfield code="0">0</subfield>
    <subfield code="1">0</subfield>
    <subfield code="2">ddc</subfield>
    <subfield code="5">6</subfield>
    <subfield code="7">0</subfield>
    <subfield code="8">GR</subfield>
    <subfield code="a">BNPHU</subfield>
    <subfield code="b">BNPHU</subfield>
    <subfield code="c">CT</subfield>
    <subfield code="d">2023-08-04</subfield>
    <subfield code="e">Donaci&#xF3;n </subfield>
    <subfield code="l">0</subfield>
    <subfield code="o">B517</subfield>
    <subfield code="p">2024-4069</subfield>
    <subfield code="r">2024-07-03</subfield>
    <subfield code="t">e. 2</subfield>
    <subfield code="w">2024-07-03</subfield>
    <subfield code="y">LBS1</subfield>
  </datafield>
  <datafield tag="999" ind1=" " ind2=" ">
    <subfield code="c">57140</subfield>
    <subfield code="d">57140</subfield>
  </datafield>
</record>
